000 00542pab a2200193 454500
008 180718b2011 xxu||||| |||| 00| 0 eng d
100 _aDeSouza, Christina
245 _aInfluence of labour welfare facilities on job satisfaction: A study of pharmaceutical companies in Goa
260 _c2011
300 _ap.285-299.
362 _aApr-Jun
650 _aDrugs
650 _aJob satisfaction
650 _aSocial welfare
700 _aNoronha, Silvia
773 _aIndian Journal of Labour Economics
908 _aN
909 _a95476
999 _c95476
_d95476